Patrick Mahomes Trivia - Statistics

General Stats
  • This quiz has been taken 39 times
  • The average score is 11 of 15
Answer Stats
Hint Answer % Correct
First year as Chiefs' starter 2018
96%
Which team drafted him Kansas City Chiefs
96%
Teams he has defeated in the Super Bowl San Francisco 49ers | Philadelphia Eagles
96%
Former Chiefs' receiver who has caught 42 TDs from Mahomes Tyreek Hill
96%
Year he was drafted 2017
92%
Number of teams that have never beaten Mahomes 13
88%
Where he went to college Texas Tech
88%
Receiver who caught the most TDs from Mahomes Travis Kelce
88%
Condiment that Mahomes has a strange affinity for Ketchup
81%
First team he defeated Denver Broncos
65%
Quarterback who has beaten Mahomes more than anyone else Josh Allen
58%
Team he beat in his first playoff win Indianapolis Colts
50%
That team's quarterback Andrew Luck
42%
City where Mahomes was born Tyler, TX
31%
Play in which he injured his knee in 2019 and has never run again Quarterback sneak
23%
No matching quizzes found
Score Distribution
Percent of People with Each Score
Percentile by Number Answered
Your Score History
You have not taken this quiz